000
00328nam a2200145Ia 4500
005
20251222152032.0
008
251222s9999||||xx |||||||||||||| ||spa||
020
_a
9972847012
082
_a
863.64/B28
100
_a
Bayly, Jaime
245
0
_a
Los Amigos que PerdÃ
250
_a
1ra.ed.
264
_b
Alfaguara
942
_c
LIB
999
_c
25718
_d
25718